[Event "Thessaloniki op 3rd"]
[Site "Thessaloniki"]
[Date "2023.08.11"]
[Round "8"]
[White "Li, Guohao"]
[Black "Rahman, Ziaur"]
[Result "1/2-1/2"]
[WhiteElo "2042"]
[BlackElo "2448"]
[PlyCount "65"]
[EventDate "2023.08.05"]
[EventType "swiss"]
[EventRounds "9"]
[EventCountry "GRE"]
[SourceTitle "CBM 215 Extra"]
[Source "ChessBase"]
[SourceDate "2023.09.30"]
[SourceVersion "1"]
[SourceVersionDate "2023.09.30"]
[SourceQuality "1"]

1. d4 d5 2. Nf3 e6 3. c4 c6 4. Nc3 dxc4 5. a4 Bb4 6. e4 b5 7. Be2 Bb7 8. 0-0 a6 9. Qc2 Ne7 10. b3 cxb3 11. Qxb3 Ba5 12. e5 0-0 13. Ne4 c5 14. Nxc5 Bd5 15. Qe3 Nf5 16. Qd3 Bc4 17. Qe4 Bxe2 18. Qxe2 Nc6 19. axb5 axb5 20. Rd1 Qd5 21. Bb2 Rab8 22. Nd3 Qd8 23. Qe4 Nce7 24. Nf4 Qc7 25. d5 exd5 26. Nxd5 Nxd5 27. Qxf5 Ne7 28. Qg5 h6 29. Qh4 Ng6 30. Qe4 Bc3 31. Rac1 b4 32. e6 Rbe8 33. Qxb4 1/2-1/2

[Event "Thessaloniki op 3rd"]
[Site "Thessaloniki"]
[Date "2023.08.06"]
[Round "3"]
[White "Rahman, Ziaur"]
[Black "Morchiashvili, Bachana"]
[Result "1-0"]
[WhiteElo "2448"]
[BlackElo "2293"]
[PlyCount "111"]
[EventDate "2023.08.05"]
[EventType "swiss"]
[EventRounds "9"]
[EventCountry "GRE"]
[SourceTitle "CBM 215 Extra"]
[Source "ChessBase"]
[SourceDate "2023.09.30"]
[SourceVersion "1"]
[SourceVersionDate "2023.09.30"]
[SourceQuality "1"]

1. Nf3 Nf6 2. b3 e6 3. Bb2 b6 4. g3 Bb7 5. Bg2 c5 6. c4 Be7 7. 0-0 0-0 8. e3 d5 9. Nc3 dxc4 10. bxc4 Nc6 11. Qe2 Rc8 12. Rfd1 Qc7 13. Rab1 Rfd8 14. d3 Qb8 15. Ne1 Na5 16. f4 Bxg2 17. Nxg2 Rd7 18. g4 Rcd8 19. g5 Ne8 20. Ne4 Qb7 21. Nf2 Nd6 22. Nh4 Nf5 23. Nf3 Nc6 24. Bc3 Bd6 25. Ng4 Nce7 26. e4 Nd4 27. Nxd4 cxd4 28. Bd2 Qc7 29. Rf1 Ng6 30. Qf2 Rf8 31. Rbe1 f5 32. gxf6 h5 33. e5 hxg4 34. exd6 Qxd6 35. fxg7 Rf5 36. Re4 Rh5 37. Qe1 Rxg7 38. Rxe6 Qc7 39. Qe4 Nf8 40. Re5 Rxe5 41. fxe5 Ne6 42. Qd5 Rg6 43. Bb4 g3 44. h4 Kh7 45. h5 Rh6 46. Bd2 Qg7 47. Bxh6 Qxh6 48. Qd7+ Ng7 49. Qxd4 Qd2 50. Qe4+ Kg8 51. Qg2 Qe3+ 52. Kh1 Nxh5 53. Qd5+ Kg7 54. Rf7+ Kg6 55. Qe6+ Kg5 56. Qf5+ 1-0

[Event "Kavala op 32nd"]
[Site "Kavala"]
[Date "2023.08.01"]
[Round "6"]
[White "Rahman, Ziaur"]
[Black "Antolak, Julia"]
[Result "1-0"]
[WhiteElo "2448"]
[BlackElo "2301"]
[PlyCount "77"]
[EventDate "2023.07.28"]
[EventType "swiss"]
[EventRounds "9"]
[EventCountry "GRE"]
[SourceTitle "CBM 215 Extra"]
[Source "ChessBase"]
[SourceDate "2023.09.30"]
[SourceVersion "1"]
[SourceVersionDate "2023.09.30"]
[SourceQuality "1"]

1. Nf3 c5 2. b3 Nf6 3. Bb2 g6 4. Bxf6 exf6 5. c4 Bg7 6. Nc3 0-0 7. g3 Nc6 8. Bg2 f5 9. 0-0 f4 10. gxf4 d6 11. Rc1 Bf5 12. d3 Qd7 13. Nd5 Rae8 14. e3 Bg4 15. Qd2 h6 16. Kh1 Ne7 17. Ng1 Be6 18. Ne2 Nf5 19. Ng3 Nh4 20. Rg1 Nxg2 21. Kxg2 Bh3+ 22. Kh1 Bg4 23. h3 Bxh3 24. Nh5 Qd8 25. Nxg7 Kxg7 26. Qb2+ f6 27. Rg3 Be6 28. Rcg1 Bxd5+ 29. cxd5 Qd7 30. Rxg6+ Kh7 31. R1g4 Qf5 32. Rg7+ Kh8 33. e4 Qh5+ 34. Kg2 Rf7 35. R7g6 Kh7 36. f5 Ref8 37. Qc1 Re8 38. Qf4 Ree7 39. Rh4 1-0

[Event "Kavala op 32nd"]
[Site "Kavala"]
[Date "2023.07.30"]
[Round "4"]
[White "Rahman, Ziaur"]
[Black "Ipek, Egehan"]
[Result "1-0"]
[WhiteElo "2448"]
[BlackElo "2249"]
[PlyCount "87"]
[EventDate "2023.07.28"]
[EventType "swiss"]
[EventRounds "9"]
[EventCountry "GRE"]
[SourceTitle "CBM 215 Extra"]
[Source "ChessBase"]
[SourceDate "2023.09.30"]
[SourceVersion "1"]
[SourceVersionDate "2023.09.30"]
[SourceQuality "1"]

1. c4 c6 2. Nf3 Nf6 3. Nc3 d5 4. e3 e6 5. b3 Bd6 6. Bb2 0-0 7. d4 Nbd7 8. Be2 b6 9. 0-0 Bb7 10. Qc2 c5 11. cxd5 exd5 12. Rfd1 Rc8 13. Qf5 Qe7 14. Rac1 Rfd8 15. Bd3 Nf8 16. dxc5 bxc5 17. Ne2 Rc7 18. Ng3 Ng6 19. Bb1 Bc8 20. Bxf6 gxf6 21. Qxd5 Rcd7 22. Bf5 Bb7 23. Qc4 Rc7 24. Qg4 Kh8 25. Qh5 Rg8 26. Rc4 Rg7 27. Rg4 Qf8 28. Be4 Bxg3 29. hxg3 Bc8 30. Bf5 Ba6 31. Rd2 c4 32. bxc4 Rxc4 33. Rxc4 Bxc4 34. Qg4 Qc5 35. Rc2 Ne7 36. Rxc4 Qa5 37. Qe4 Nxf5 38. Qe8+ Rg8 39. Qxf7 Qd8 40. Rf4 Rg7 41. Qb3 Nd6 42. Rd4 Qc7 43. Qe6 Nb5 44. Qe8+ 1-0

[Event "Asia zt 3.2"]
[Site "Dhaka"]
[Date "2023.05.08"]
[Round "7"]
[White "Hossain, Enamul"]
[Black "Rahman, Ziaur"]
[Result "1/2-1/2"]
[WhiteElo "2379"]
[BlackElo "2464"]
[PlyCount "59"]
[EventDate "2023.05.02"]
[EventType "swiss"]
[EventRounds "9"]
[EventCountry "BAN"]
[SourceTitle "CBM 214 Extra"]
[Source "ChessBase"]
[SourceDate "2023.07.31"]
[SourceVersion "1"]
[SourceVersionDate "2023.07.31"]
[SourceQuality "1"]

1. e4 Nf6 2. e5 Nd5 3. d4 d6 4. c4 Nb6 5. exd6 exd6 6. Nf3 Be7 7. h3 Bf5 8. Nc3 0-0 9. Be2 Nc6 10. d5 Ne5 11. Nd4 Bd7 12. b3 f5 13. Bb2 f4 14. Qc2 c6 15. dxc6 bxc6 16. Nf3 Bf5 17. Qd2 Nbd7 18. Nd4 Nc5 19. Nxf5 Rxf5 20. Qc2 Rg5 21. 0-0-0 Rxg2 22. Ne4 Qa5 23. Nxc5 Qxc5 24. Bd4 Qa3+ 25. Kb1 f3 26. Bd3 Bf6 27. Bb2 Qc5 28. Bd4 Qa3 29. Bb2 Qc5 30. Bd4 1/2-1/2

[Event "Asia zt 3.2"]
[Site "Dhaka"]
[Date "2023.05.06"]
[Round "5"]
[White "Mohammad Fahad, Rahman"]
[Black "Rahman, Ziaur"]
[Result "1/2-1/2"]
[WhiteElo "2396"]
[BlackElo "2464"]
[PlyCount "81"]
[EventDate "2023.05.02"]
[EventType "swiss"]
[EventRounds "9"]
[EventCountry "BAN"]
[SourceTitle "CBM 214 Extra"]
[Source "ChessBase"]
[SourceDate "2023.07.31"]
[SourceVersion "1"]
[SourceVersionDate "2023.07.31"]
[SourceQuality "1"]

1. d4 d5 2. c4 e6 3. Nc3 c5 4. cxd5 cxd4 5. Qa4+ Bd7 6. Qxd4 exd5 7. Qxd5 Nf6 8. Qd1 Bc5 9. Nf3 0-0 10. a3 a5 11. Qc2 Bc6 12. Bg5 Nbd7 13. e3 Rc8 14. Be2 b5 15. Qf5 b4 16. axb4 axb4 17. Nb5 Qe8 18. 0-0 Be4 19. Qh3 h6 20. Bf4 Qe7 21. Ra6 Nb8 22. Raa1 Nd5 23. Bg3 Nc6 24. Nfd4 Qf6 25. Rfd1 Nce7 26. Bg4 Rcd8 27. Nc7 Nxc7 28. Bxc7 Rxd4 29. exd4 Bxd4 30. Rxd4 Qxd4 31. Qg3 Bf5 32. Bh5 Ng6 33. Bxg6 Bxg6 34. Be5 Qe4 35. h4 h5 36. f3 Qe3+ 37. Kh2 Re8 38. Ra5 Kh7 39. Rd5 Qb3 40. Rb5 Qc4 41. Rb8 1/2-1/2

[Event "Asia zt 3.2"]
[Site "Dhaka"]
[Date "2023.05.05"]
[Round "4"]
[White "Rahman, Ziaur"]
[Black "Jaiswal, Rupesh"]
[Result "1-0"]
[WhiteElo "2464"]
[BlackElo "2145"]
[PlyCount "75"]
[EventDate "2023.05.02"]
[EventType "swiss"]
[EventRounds "9"]
[EventCountry "BAN"]
[SourceTitle "CBM 214 Extra"]
[Source "ChessBase"]
[SourceDate "2023.07.31"]
[SourceVersion "1"]
[SourceVersionDate "2023.07.31"]
[SourceQuality "1"]

1. Nf3 Nf6 2. c4 g6 3. g3 Bg7 4. Bg2 0-0 5. d4 d6 6. Nc3 c5 7. 0-0 Nc6 8. dxc5 dxc5 9. Bf4 Nh5 10. Be3 Be6 11. Nd5 b6 12. Qa4 Bd7 13. Qa3 e6 14. Nc3 Na5 15. Nd2 Bc6 16. Rad1 Bxg2 17. Kxg2 Qc7 18. f3 Qc6 19. Nce4 Nb7 20. g4 Nf6 21. Nxf6+ Bxf6 22. Ne4 Be7 23. Bh6 Rfe8 24. Qc3 e5 25. Qxe5 f6 26. Qc3 Nd8 27. b3 Nf7 28. Bc1 Rad8 29. g5 Rd4 30. Rxd4 cxd4 31. Qxd4 Nxg5 32. Nxg5 Bc5 33. Qd3 fxg5 34. Bxg5 Qe6 35. e4 Be7 36. Bxe7 Qxe7 37. Qd5+ Kg7 38. Rd1 1-0